Southernmost Countries That Have Ever Won A Winter Olympics Medal - Statistics

General Stats
  • This quiz has been taken 46 times
  • The average score is 5 of 10
Answer Stats
Lat. Answer Total Medals % Correct
29°13'S New Zealand 6
100%
09°16'S Australia 19
95%
45°31'N Japan 76
64%
43º47'N Spain 5
64%
38°36'N South Korea 79
52%
46°33'N Croatia 11
36%
44°13'N Bulgaria 6
33%
46°52'N Slovenia 24
33%
43°00'N North Korea 2
21%
45°36'N Uzbekistan 1
19%
No matching quizzes found
Score Distribution
Percent of People with Each Score
Percentile by Number Answered
Your Score History
You have not taken this quiz